000
00223nam a2200097Ia 4500
008
120527s9999 xx 000 0 und d
100
_a
JOHNSON,Colin.
245
_a
Recent advances in Surgery.
260
_b
RSM.
942
_c
BK
999
_c
23795
_d
23795